[Event "Accentus Young Masters Invitational Tou"]
[Site "Winterthur SUI"]
[Date "2008.10.03"]
[Round "1.2"]
[White "Pokazanjev, Nikolai"]
[Black "Verzhansky, Alexander"]
[Result "1/2-1/2"]
[WhiteElo "2475"]
[BlackElo "2346"]
[PlyCount "44"]
[EventDate "2008.10.03"]
[EventType "team-swiss"]
[EventRounds "9"]
[EventCountry "SUI"]
[EventCategory "4"]
[Source "lmi"]
[SourceDate "2008.10.03"]

1. e4 e6 2. d4 d5 3. e5 c5 4. c3 Nc6 5. Nf3 Bd7 6. Be2 Nge7 7. Na3 cxd4 8. cxd4
Nf5 9. Nc2 Nb4 10. Nxb4 Bxb4+ 11. Bd2 Qb6 12. Bxb4 Qxb4+ 13. Qd2 a5 14. a3 Qb6
15. O-O O-O 16. Rfc1 Rfc8 17. Bd3 Ne7 18. Rxc8+ Rxc8 19. Rc1 Rxc1+ 20. Qxc1 h6
21. Qc3 Ba4 22. Kf1 Bb5 1/2-1/2

[Event "Accentus Young Masters Invitational Tou"]
[Site "Winterthur SUI"]
[Date "2008.10.03"]
[Round "1.3"]
[White "Nuri, Kambez"]
[Black "Prohaszka, Peter"]
[Result "0-1"]
[WhiteElo "2179"]
[BlackElo "2502"]
[PlyCount "56"]
[EventDate "2008.10.03"]
[EventType "team-swiss"]
[EventRounds "9"]
[EventCountry "SUI"]
[EventCategory "4"]
[Source "lmi"]
[SourceDate "2008.10.03"]

1. e4 c6 2. d4 d5 3. Nc3 dxe4 4. Nxe4 Bf5 5. Ng3 Bg6 6. h4 h6 7. Nf3 Nd7 8. h5
Bh7 9. Bd3 Bxd3 10. Qxd3 e6 11. Bf4 Ngf6 12. O-O-O Be7 13. Ne4 Nxe4 14. Qxe4
Nf6 15. Qd3 Qd5 16. c4 Qe4 17. Qxe4 Nxe4 18. Be3 O-O 19. Ne5 Rfc8 20. Kb1 Nd6
21. g4 Bf6 22. Rc1 b5 23. b3 bxc4 24. Nxc4 Nb5 25. Ne5 c5 26. Nd7 Bxd4 27. a4
Nc3+ 28. Ka1 Ne2+ 0-1

[Event "Accentus Young Masters Invitational Tou"]
[Site "Winterthur SUI"]
[Date "2008.10.03"]
[Round "1.4"]
[White "Wirig, Anthony"]
[Black "Rombaldoni, Axel"]
[Result "1-0"]
[WhiteElo "2458"]
[BlackElo "2334"]
[PlyCount "95"]
[EventDate "2008.10.03"]
[EventType "team-swiss"]
[EventRounds "9"]
[EventCountry "SUI"]
[EventCategory "4"]
[Source "lmi"]
[SourceDate "2008.10.03"]

1. d4 d5 2. Nf3 e6 3. c4 c5 4. cxd5 exd5 5. g3 Nc6 6. Bg2 Nf6 7. O-O Be7 8.
dxc5 Bxc5 9. a3 O-O 10. b4 Be7 11. Nc3 Be6 12. Nd4 Nxd4 13. Qxd4 Ne4 14. Bf4 g5
15. Nxe4 dxe4 16. Be3 Qxd4 17. Bxd4 Rfd8 18. e3 f5 19. f3 Rxd4 20. exd4 Bf6 21.
fxe4 Bxd4+ 22. Kh1 Bxa1 23. exf5 Bb2 24. fxe6 Bxa3 25. Bxb7 Rb8 26. e7 Bxb4 27.
Rb1 a5 28. Bd5+ Kg7 29. Bc6 Kf7 30. e8=Q+ Rxe8 31. Bxe8+ Kxe8 32. Kg2 g4 33.
Kf1 Kd7 34. Ke2 Kc6 35. Kd3 Kd5 36. Rf1 Bd6 37. Rf5+ Be5 38. Rg5 a4 39. Rxg4 a3
40. Ra4 Bb2 41. Ra5+ Ke6 42. Ke4 Kf6 43. g4 Kg6 44. h4 Kf6 45. Ra6+ Kf7 46. Kf5
Kg7 47. Ra7+ Kg8 48. g5 1-0

[Event "Accentus Young Masters Invitational Tou"]
[Site "Winterthur SUI"]
[Date "2008.10.04"]
[Round "1.5"]
[White "Schiendorfer, Emanuel"]
[Black "Rosenthal, Jonathan"]
[Result "1/2-1/2"]
[WhiteElo "2240"]
[BlackElo "2208"]
[PlyCount "89"]
[EventDate "2008.10.03"]
[EventType "team-swiss"]
[EventRounds "9"]
[EventCountry "SUI"]
[EventCategory "4"]
[Source "lmi"]
[SourceDate "2008.10.03"]

1. e4 c5 2. b4 cxb4 3. a3 d5 4. exd5 Qxd5 5. Nf3 e5 6. axb4 Bxb4 7. Ba3 Nc6 8.
Bxb4 Nxb4 9. Nc3 Qd6 10. Ra5 Nc6 11. Rd5 Qb8 12. Nxe5 Nxe5 13. Qe2 f6 14. f4
Ne7 15. fxe5 Nxd5 16. exf6+ Kf7 17. fxg7 Kxg7 18. Nxd5 Qd6 19. Qc4 Re8+ 20. Be2
Re5 21. Ne3 Be6 22. Qh4 Qd8 23. Qb4 Kg8 24. O-O Rc8 25. Bd3 Rg5 26. Qe4 Qd7 27.
Qf4 Qe7 28. Qh4 Rg7 29. Qe4 Rf8 30. Rxf8+ Kxf8 31. Qf4+ Rf7 32. Qb8+ Kg7 33.
Qxa7 Qf6 34. Kh1 Qb2 35. h3 Qe5 36. Qa4 Bd7 37. Qh4 Qa1+ 38. Kh2 Qe5+ 39. Kg1
h6 40. Kh1 Qa1+ 41. Kh2 Qe5+ 42. Kg1 Qa1+ 43. Kh2 Qe5+ 44. Qg3+ Kf6 45. Kg1
1/2-1/2

[Event "Accentus Young Masters Invitational Tou"]
[Site "Winterthur SUI"]
[Date "2008.10.04"]
[Round "2.1"]
[White "Lehmann, Marco"]
[Black "Rosenthal, Jonathan"]
[Result "1/2-1/2"]
[WhiteElo "2301"]
[BlackElo "2208"]
[PlyCount "76"]
[EventDate "2008.10.03"]
[EventType "team-swiss"]
[EventRounds "9"]
[EventCountry "SUI"]
[EventCategory "4"]
[Source "lmi"]
[SourceDate "2008.10.03"]

1. e4 c5 2. Nf3 d6 3. c3 Nf6 4. Bd3 Bg4 5. Bc2 Nc6 6. d3 e6 7. Nbd2 Be7 8. h3
Bh5 9. g4 Bg6 10. Nf1 c4 11. Ng3 cxd3 12. Bxd3 d5 13. Qe2 Qc7 14. Bc2 dxe4 15.
Nxe4 O-O-O 16. Nxf6 Bxc2 17. Qxc2 Nb4 18. Qe4 Nd3+ 19. Kf1 gxf6 20. Nd4 Qc4 21.
Qe2 Bc5 22. Be3 Bxd4 23. cxd4 Qd5 24. f3 Nb4 25. Rc1+ Kb8 26. a3 Nc6 27. Rc5
Qd6 28. Qh2 Qxh2 29. Rxh2 Nxd4 30. Bxd4 Rxd4 31. Rh5 h6 32. h4 Rdd8 33. Rc2 f5
34. gxf5 Rd5 35. Rg2 Rh7 36. Rg8+ Kc7 37. fxe6 Rxh5 38. e7 Re5 1/2-1/2

[Event "Accentus Young Masters Invitational Tou"]
[Site "Winterthur SUI"]
[Date "2008.10.04"]
[Round "2.2"]
[White "Rombaldoni, Axel"]
[Black "Schiendorfer, Emanuel"]
[Result "1/2-1/2"]
[WhiteElo "2334"]
[BlackElo "2240"]
[PlyCount "62"]
[EventDate "2008.10.03"]
[EventType "team-swiss"]
[EventRounds "9"]
[EventCountry "SUI"]
[EventCategory "4"]
[Source "lmi"]
[SourceDate "2008.10.03"]

1. e4 c5 2. Nf3 d6 3. d4 cxd4 4. Qxd4 Bd7 5. c4 Nc6 6. Qe3 g6 7. Be2 Bh6 8. Qc3
Qa5 9. O-O Qxc3 10. Nxc3 Rc8 11. Bxh6 Nxh6 12. Rad1 Ng4 13. Nd4 Nxd4 14. Rxd4
Ne5 15. f4 Nc6 16. Rd2 h5 17. Nd5 Be6 18. Ne3 Rd8 19. a3 b6 20. b4 f6 21. Rc1
O-O 22. g3 Rc8 23. Nd5 Bxd5 24. exd5 Nb8 25. Bd3 Kf7 26. Kf2 Rc7 27. Ke3 Nd7
28. Kd4 a5 29. Ra1 Ra8 30. Rda2 Rca7 31. Bb1 Rc7 1/2-1/2

[Event "Accentus Young Masters Invitational Tou"]
[Site "Winterthur SUI"]
[Date "2008.10.04"]
[Round "2.4"]
[White "Verzhansky, Alexander"]
[Black "Nuri, Kambez"]
[Result "1/2-1/2"]
[WhiteElo "2346"]
[BlackElo "2179"]
[PlyCount "91"]
[EventDate "2008.10.03"]
[EventType "team-swiss"]
[EventRounds "9"]
[EventCountry "SUI"]
[EventCategory "4"]
[Source "lmi"]
[SourceDate "2008.10.03"]

1. d4 Nf6 2. c4 g6 3. Nc3 Bg7 4. e4 d6 5. f3 O-O 6. Be3 c5 7. Nge2 Nc6 8. d5
Ne5 9. Ng3 a6 10. a4 e6 11. Be2 exd5 12. cxd5 h5 13. O-O Nh7 14. f4 Ng4 15.
Bxg4 Bxg4 16. Qd2 h4 17. Nh1 Re8 18. Nf2 Bd7 19. a5 f5 20. exf5 Bxf5 21. Na4
Qf6 22. Qc1 Bd7 23. Nd1 h3 24. Nb6 hxg2 25. Rf2 Rad8 26. Nxd7 Rxd7 27. Rxg2 Qf5
28. Bf2 Rde7 29. Nc3 Bd4 30. Qd2 Re3 31. Rd1 Rd3 32. Qc2 Rxd1+ 33. Qxd1 Bxf2+
34. Rxf2 Nf6 35. Qf3 Ng4 36. Rf1 Re3 37. Qg2 Re7 38. Qg3 Rh7 39. h4 Re7 40. Kh1
Re3 41. Rf3 Re7 42. Rf1 Nf6 43. Kg1 Ng4 44. Kh1 Re3 45. Rf3 Re7 46. Rf1 1/2-1/2

[Event "Accentus Young Masters Invitational Tou"]
[Site "Winterthur SUI"]
[Date "2008.10.05"]
[Round "3.1"]
[White "Pokazanjev, Nikolai"]
[Black "Lehmann, Marco"]
[Result "1-0"]
[WhiteElo "2475"]
[BlackElo "2301"]
[PlyCount "141"]
[EventDate "2008.10.03"]
[EventType "team-swiss"]
[EventRounds "9"]
[EventCountry "SUI"]
[EventCategory "4"]
[Source "lmi"]
[SourceDate "2008.10.03"]

1. e4 c5 2. Nf3 Nc6 3. d4 cxd4 4. Nxd4 Nf6 5. Nc3 e5 6. Ndb5 d6 7. Bg5 a6 8.
Na3 b5 9. Nd5 Be7 10. Bxf6 Bxf6 11. c3 Bb7 12. Nc2 Nb8 13. Nce3 Nd7 14. a4 bxa4
15. Nxf6+ Qxf6 16. Qxa4 Qd8 17. Rd1 O-O 18. f3 Nc5 19. Qc2 Bc6 20. Bc4 Rb8 21.
b4 Ba4 22. Qa2 Qh4+ 23. Ke2 Bxd1+ 24. Rxd1 Nd7 25. Rxd6 Nf6 26. Nf1 Qg5 27. Ne3
Qh4 28. Nf1 Qg5 29. g3 Qh5 30. Kf2 Qh6 31. Rxa6 Rbd8 32. Ra7 Qc1 33. Qb3 Kh8
34. Be2 Rc8 35. c4 Rfd8 36. c5 Rd4 37. Qxf7 Qg5 38. b5 Rdd8 39. Rc7 Rb8 40. Rb7
Ra8 41. Ra7 Rxa7 42. Qxa7 Rf8 43. Kg1 Qc1 44. c6 Qc2 45. Qe3 Rd8 46. g4 h6 47.
Ng3 Nh7 48. Qb6 Re8 49. h4 Nf8 50. Qa7 Ne6 51. Qd7 Qc5+ 52. Kf1 Qc1+ 53. Qd1
Qc5 54. Qd7 Qc1+ 55. Kf2 Qc5+ 56. Kf1 Qc1+ 57. Qd1 Qxd1+ 58. Bxd1 Rb8 59. Be2
Nc7 60. Nf5 Nxb5 61. Ne7 Re8 62. Nd5 Nd6 63. c7 Ra8 64. f4 exf4 65. e5 Nc8 66.
e6 Kg8 67. Bb5 Kf8 68. Bd7 Nd6 69. Nb6 Ra3 70. Nc4 Ra1+ 71. Ke2 1-0

[Event "Accentus Young Masters Invitational Tou"]
[Site "Winterthur SUI"]
[Date "2008.10.05"]
[Round "3.2"]
[White "Nuri, Kambez"]
[Black "Carron, Julien"]
[Result "0-1"]
[WhiteElo "2179"]
[BlackElo "2414"]
[PlyCount "126"]
[EventDate "2008.10.03"]
[EventType "team-swiss"]
[EventRounds "9"]
[EventCountry "SUI"]
[EventCategory "4"]
[Source "lmi"]
[SourceDate "2008.10.03"]

1. d4 Nf6 2. Nf3 e6 3. c4 b6 4. g3 Ba6 5. Qc2 Bb7 6. Bg2 c5 7. d5 exd5 8. cxd5
Nxd5 9. O-O Be7 10. Rd1 Nc6 11. Qf5 Nc7 12. Ne5 Nxe5 13. Bxb7 Rb8 14. Bg2 d6
15. Bf4 Qd7 16. Qe4 Qe6 17. Bxe5 dxe5 18. Bh3 Qxh3 19. Qc6+ Kf8 20. Qxc7 Qc8
21. Qxa7 Rb7 22. Qa4 g6 23. Nc3 Kg7 24. Rd5 h5 25. h4 Qf5 26. Qe4 Qxe4 27. Nxe4
f6 28. Rad1 Kf7 29. Nd6+ Bxd6 30. Rxd6 Re8 31. Kg2 b5 32. Rc6 Re6 33. Rxc5 b4
34. Rdd5 Ra6 35. Ra5 Rc6 36. Rab5 Rcb6 37. Rd7+ Rxd7 38. Rxb6 Ra7 39. Rxb4 Rxa2
40. Rb6 Kg7 41. Kf3 f5 42. Ke3 Ra1 43. b4 Ra3+ 44. Kd2 Ra2+ 45. Kd3 Ra3+ 46.
Kc4 Ra2 47. b5 Rxe2 48. Ra6 Rxf2 49. Ra3 f4 50. gxf4 exf4 51. Rb3 f3 52. b6
Rc2+ 53. Kd5 f2 54. Rf3 Rb2 55. Kc6 Rc2+ 56. Kd7 Rb2 57. Kc7 Rc2+ 58. Kb8 g5
59. hxg5 h4 60. b7 h3 61. Ka7 Ra2+ 62. Kb6 Rb2+ 63. Kc6 h2 0-1

[Event "Accentus Young Masters Invitational Tou"]
[Site "Winterthur SUI"]
[Date "2008.10.05"]
[Round "3.3"]
[White "Wirig, Anthony"]
[Black "Verzhansky, Alexander"]
[Result "1-0"]
[WhiteElo "2458"]
[BlackElo "2346"]
[PlyCount "77"]
[EventDate "2008.10.03"]
[EventType "team-swiss"]
[EventRounds "9"]
[EventCountry "SUI"]
[EventCategory "4"]
[Source "lmi"]
[SourceDate "2008.10.03"]

1. d4 d5 2. Nf3 Nf6 3. c4 c6 4. Nc3 a6 5. g3 b5 6. c5 Bf5 7. Bg2 Qc8 8. h3 h6
9. b4 a5 10. bxa5 Rxa5 11. a4 Ne4 12. Bd2 Nxc3 13. Bxc3 Rxa4 14. Rxa4 bxa4 15.
Qxa4 Be4 16. O-O g6 17. Ne5 Bxg2 18. Rb1 Nd7 19. Nxd7 Kxd7 20. Qa7+ Ke6 21. Rb8
Qd7 22. Rb7 Qe8 23. Kxg2 Bg7 24. e4 Qd8 25. Ba5 Qe8 26. exd5+ Kxd5 27. Rxe7 Qa8
28. Qd7+ Kc4 29. Re3 Rf8 30. Rc3+ Kb5 31. Qc7 Qa6 32. Rb3+ Kc4 33. Rc3+ Kb5 34.
Rb3+ Kc4 35. Rb4+ Kd3 36. Qf4 Qxa5 37. Qe3+ Kc2 38. Qe2+ Kc3 39. Qc4+ 1-0

[Event "Accentus Young Masters Invitational Tou"]
[Site "Winterthur SUI"]
[Date "2008.10.05"]
[Round "3.4"]
[White "Schiendorfer, Emanuel"]
[Black "Prohaszka, Peter"]
[Result "1/2-1/2"]
[WhiteElo "2240"]
[BlackElo "2502"]
[PlyCount "93"]
[EventDate "2008.10.03"]
[EventType "team-swiss"]
[EventRounds "9"]
[EventCountry "SUI"]
[EventCategory "4"]
[Source "lmi"]
[SourceDate "2008.10.03"]

1. d4 Nf6 2. c4 e6 3. Nf3 c5 4. Nc3 cxd4 5. Nxd4 Bb4 6. Bd2 O-O 7. e3 Nc6 8.
Be2 d5 9. cxd5 Nxd4 10. exd4 Bxc3 11. bxc3 exd5 12. O-O h6 13. Bf4 Be6 14. Qb3
b6 15. Rfd1 Qe7 16. Ba6 Rfd8 17. Qb4 Qxb4 18. cxb4 Bc8 19. Bd3 Bb7 20. f3 Rac8
21. Rac1 Rxc1 22. Rxc1 Rc8 23. Rxc8+ Bxc8 24. b5 Nd7 25. Bf5 Kf8 26. Bd6+ Ke8
27. a4 Kd8 28. Kf2 a6 29. Bd3 axb5 30. Bxb5 Bb7 31. Ke3 Kc8 32. Kd2 Kd8 33. Kc3
Kc8 34. Kb4 Kd8 35. Bd3 Bc6 36. Ba6 Nf6 37. Bf8 Ne8 38. Bd3 h5 39. Be2 g6 40.
Bd3 Nc7 41. Bh6 Ne6 42. Be3 f5 43. g4 hxg4 44. fxg4 fxg4 45. Bxg6 Bd7 46. Bf7
Kc7 47. Bxe6 1/2-1/2

[Event "Accentus Young Masters Invitational Tou"]
[Site "Winterthur SUI"]
[Date "2008.10.06"]
[Round "4.1"]
[White "Lehmann, Marco"]
[Black "Rombaldoni, Axel"]
[Result "1/2-1/2"]
[WhiteElo "2301"]
[BlackElo "2334"]
[PlyCount "59"]
[EventDate "2008.10.03"]
[EventType "team-swiss"]
[EventRounds "9"]
[EventCountry "SUI"]
[EventCategory "4"]
[Source "lmi"]
[SourceDate "2008.10.03"]

1. e4 c5 2. Nf3 e6 3. d4 cxd4 4. Nxd4 Nf6 5. Nc3 d6 6. Bd3 Nc6 7. Nxc6 bxc6 8.
O-O Be7 9. Kh1 O-O 10. f4 e5 11. Qe1 exf4 12. Bxf4 Ng4 13. e5 dxe5 14. Bxe5
Nxe5 15. Qxe5 Bf6 16. Qe4 g6 17. Rad1 Bxc3 18. bxc3 Qa5 19. Bc4 Bf5 20. Qxc6
Rac8 21. Qd5 Qxc3 22. Bb3 Rc7 23. Qd2 Qc5 24. Qg5 Bxc2 25. Qxc5 Rxc5 26. Rc1
Bd3 27. Rxc5 Bxf1 28. Kg1 Bd3 29. Rc7 a6 30. Kf2 1/2-1/2

[Event "Accentus Young Masters Invitational Tou"]
[Site "Winterthur SUI"]
[Date "2008.10.06"]
[Round "4.2"]
[White "Prohaszka, Peter"]
[Black "Rosenthal, Jonathan"]
[Result "1/2-1/2"]
[WhiteElo "2502"]
[BlackElo "2208"]
[PlyCount "55"]
[EventDate "2008.10.03"]
[EventType "team-swiss"]
[EventRounds "9"]
[EventCountry "SUI"]
[EventCategory "4"]
[Source "lmi"]
[SourceDate "2008.10.03"]

1. d4 Nf6 2. c4 e5 3. dxe5 Ng4 4. Bf4 g5 5. Bg3 Bg7 6. Nf3 Nc6 7. Nc3 Ngxe5 8.
Nxe5 Nxe5 9. e3 d6 10. c5 O-O 11. cxd6 cxd6 12. Be2 Be6 13. h4 Qb6 14. Qd2 g4
15. O-O Rfd8 16. e4 Rac8 17. Rac1 Nc4 18. Bxc4 Rxc4 19. Nd5 Rd4 20. Qg5 h6 21.
Nf6+ Kf8 22. Nh7+ Kg8 23. Nf6+ Kf8 24. Qf4 Qb4 25. h5 Qd2 26. Qxd2 Rxd2 27. e5
Rxb2 28. Rc7 1/2-1/2

[Event "Accentus Young Masters Invitational Tou"]
[Site "Winterthur SUI"]
[Date "2008.10.06"]
[Round "4.3"]
[White "Verzhansky, Alexander"]
[Black "Schiendorfer, Emanuel"]
[Result "1/2-1/2"]
[WhiteElo "2346"]
[BlackElo "2240"]
[PlyCount "91"]
[EventDate "2008.10.03"]
[EventType "team-swiss"]
[EventRounds "9"]
[EventCountry "SUI"]
[EventCategory "4"]
[Source "lmi"]
[SourceDate "2008.10.03"]

1. d4 Nf6 2. c4 g6 3. Nc3 Bg7 4. e4 d6 5. f3 O-O 6. Be3 c5 7. Nge2 Qa5 8. Qa4
Qxa4 9. Nxa4 cxd4 10. Nxd4 Nc6 11. Nc2 Nd7 12. Rb1 f5 13. exf5 gxf5 14. g3 Nb6
15. Nxb6 axb6 16. a3 f4 17. Bxf4 Bf5 18. Kd2 Nd4 19. Bd3 Nxf3+ 20. Ke3 Bxd3 21.
Kxd3 b5 22. b3 e5 23. Be3 e4+ 24. Kxe4 Rae8+ 25. Kd3 Ne5+ 26. Ke2 bxc4 27. bxc4
Rf7 28. Rb3 Nxc4 29. Kd1 d5 30. Bf4 d4 31. Nb4 Bf8 32. Bc1 Ne3+ 33. Bxe3 dxe3
34. Re1 e2+ 35. Kc2 Bg7 36. Nd3 Rf1 37. Rbb1 Rc8+ 38. Kd2 Bc3+ 39. Kxe2 Rf5 40.
Rh1 Re8+ 41. Kd1 Rd5 42. Kc2 Bg7 43. Rb3 Re2+ 44. Kb1 Rd7 45. Nf4 Rf2 46. Nd3
1/2-1/2

[Event "Accentus Young Masters Invitational Tou"]
[Site "Winterthur SUI"]
[Date "2008.10.06"]
[Round "4.4"]
[White "Carron, Julien"]
[Black "Wirig, Anthony"]
[Result "1/2-1/2"]
[WhiteElo "2414"]
[BlackElo "2458"]
[PlyCount "39"]
[EventDate "2008.10.03"]
[EventType "team-swiss"]
[EventRounds "9"]
[EventCountry "SUI"]
[EventCategory "4"]
[Source "lmi"]
[SourceDate "2008.10.03"]

1. d4 Nf6 2. c4 e6 3. g3 d5 4. Nf3 Bb4+ 5. Bd2 Be7 6. Bg2 c6 7. Qb3 Nbd7 8. O-O
O-O 9. Bf4 Nh5 10. Bc1 Nhf6 11. Nc3 b6 12. Bf4 Nh5 13. cxd5 cxd5 14. Be5 Bb7
15. a4 Nhf6 16. Bf4 Nh5 17. Bd2 a6 18. Rfc1 Bd6 19. Na2 Qe7 20. Nb4 1/2-1/2

[Event "Accentus Young Masters Invitational Tou"]
[Site "Winterthur SUI"]
[Date "2008.10.06"]
[Round "4.5"]
[White "Pokazanjev, Nikolai"]
[Black "Nuri, Kambez"]
[Result "1-0"]
[WhiteElo "2475"]
[BlackElo "2179"]
[PlyCount "81"]
[EventDate "2008.10.03"]
[EventType "team-swiss"]
[EventRounds "9"]
[EventCountry "SUI"]
[EventCategory "4"]
[Source "lmi"]
[SourceDate "2008.10.03"]

1. e4 c5 2. Nf3 Nc6 3. d4 cxd4 4. Nxd4 Nf6 5. Nc3 e5 6. Ndb5 d6 7. Bg5 a6 8.
Na3 b5 9. Nd5 Be7 10. Bxf6 Bxf6 11. c3 Bg5 12. Nc2 Rb8 13. a4 bxa4 14. Ncb4 Bd7
15. Bxa6 Nxb4 16. cxb4 O-O 17. O-O f5 18. exf5 Rxf5 19. Bc4 Kh8 20. Qd3 Qf8 21.
f3 Bc6 22. b5 Bxd5 23. Bxd5 Rf4 24. Be4 Qd8 25. g3 Rf8 26. Kg2 Qa5 27. Bc6 Rfd8
28. Qc3 Qxc3 29. bxc3 d5 30. Rxa4 d4 31. c4 d3 32. Bd5 d2 33. Kf2 h6 34. Ke2
Rxd5 35. cxd5 Rxb5 36. d6 Rd5 37. h4 Bd8 38. Rd1 Rxd6 39. Rxd2 Rxd2+ 40. Kxd2
Bf6 41. h5 1-0

[Event "Accentus Young Masters Invitational Tou"]
[Site "Winterthur SUI"]
[Date "2008.10.07"]
[Round "5.1"]
[White "Nuri, Kambez"]
[Black "Lehmann, Marco"]
[Result "1-0"]
[WhiteElo "2179"]
[BlackElo "2301"]
[PlyCount "97"]
[EventDate "2008.10.03"]
[EventType "team-swiss"]
[EventRounds "9"]
[EventCountry "SUI"]
[EventCategory "4"]
[Source "lmi"]
[SourceDate "2008.10.03"]

1. e4 c5 2. Nf3 Nc6 3. d4 cxd4 4. Nxd4 Nf6 5. Nc3 e5 6. Ndb5 d6 7. Bg5 a6 8.
Na3 b5 9. Nd5 Be7 10. Bxf6 Bxf6 11. c4 b4 12. Nc2 a5 13. g3 Bg5 14. h4 Bh6 15.
Bh3 Be6 16. Bxe6 fxe6 17. Qh5+ Kd7 18. Qf7+ Ne7 19. Nde3 Qe8 20. Qf3 Nc6 21.
Rd1 Ke7 22. Ng4 Qh5 23. c5 Rhd8 24. cxd6+ Rxd6 25. Rxd6 Kxd6 26. O-O Rd8 27.
Rd1+ Kc7 28. Rxd8 Nxd8 29. Kg2 Bc1 30. b3 Nc6 31. Nge3 Qxf3+ 32. Kxf3 Kb6 33.
Ke2 Kc5 34. Kd3 Bb2 35. Nc4 Bc3 36. h5 h6 37. f3 Ne7 38. Nxa5 g6 39. hxg6 Nxg6
40. Nb7+ Kc6 41. Nd8+ Kd7 42. Nf7 h5 43. a4 h4 44. gxh4 Nxh4 45. Ng5 Kc8 46.
Kc4 Bd2 47. Nxe6 Nxf3 48. Nxb4 Be1 49. Nd3 1-0

[Event "Accentus Young Masters Invitational Tou"]
[Site "Winterthur SUI"]
[Date "2008.10.07"]
[Round "5.3"]
[White "Schiendorfer, Emanuel"]
[Black "Carron, Julien"]
[Result "0-1"]
[WhiteElo "2240"]
[BlackElo "2414"]
[PlyCount "98"]
[EventDate "2008.10.03"]
[EventType "team-swiss"]
[EventRounds "9"]
[EventCountry "SUI"]
[EventCategory "4"]
[Source "lmi"]
[SourceDate "2008.10.03"]

1. d4 Nf6 2. c4 e6 3. Nf3 b6 4. g3 Ba6 5. Qc2 Bb7 6. Bg2 c5 7. d5 exd5 8. cxd5
Nxd5 9. O-O Nc7 10. Rd1 Be7 11. Nc3 Ne6 12. Bf4 Nc6 13. Nd5 Nxf4 14. gxf4 O-O
15. Ne5 Nxe5 16. fxe5 Bxd5 17. Rxd5 Qc7 18. Rad1 Rad8 19. Qd3 c4 20. Qg3 Bc5
21. Bh3 Rde8 22. Bxd7 Re7 23. Kh1 Rd8 24. Bf5 Rxd5 25. Rxd5 g6 26. Bh3 Re8 27.
f4 Rd8 28. Qf3 Bd4 29. Rxd8+ Qxd8 30. Qc6 Bxb2 31. Qxc4 Qd1+ 32. Kg2 Bd4 33.
Qd3 Qg1+ 34. Kf3 Qxh2 35. Ke4 Bc5 36. e6 Qh1+ 37. Ke5 Qa1+ 38. Ke4 Qh1+ 39. Ke5
Qa1+ 40. Ke4 Qxa2 41. exf7+ Qxf7 42. Bd7 Kg7 43. Kf3 Qf6 44. e3 h5 45. Qd5 Qa1
46. Bh3 Qf6 47. Be6 a5 48. Qb7+ Qe7 49. Qc8 Kf6 0-1

[Event "Accentus Young Masters Invitational Tou"]
[Site "Winterthur SUI"]
[Date "2008.10.07"]
[Round "5.4"]
[White "Rosenthal, Jonathan"]
[Black "Verzhansky, Alexander"]
[Result "0-1"]
[WhiteElo "2208"]
[BlackElo "2346"]
[PlyCount "81"]
[EventDate "2008.10.03"]
[EventType "team-swiss"]
[EventRounds "9"]
[EventCountry "SUI"]
[EventCategory "4"]
[Source "lmi"]
[SourceDate "2008.10.03"]

1. d4 d5 2. c4 c6 3. Nc3 Nf6 4. Nf3 dxc4 5. a4 Bg4 6. Ne5 Bh5 7. g3 e6 8. Bg2
Na6 9. O-O Be7 10. Nxc4 O-O 11. Re1 Nb4 12. a5 Nfd5 13. Qd2 f6 14. e4 Nc7 15.
Ne3 Qd7 16. g4 Bf7 17. Qe2 Rfd8 18. Rd1 Qe8 19. Nc4 Rd7 20. Bf4 Rad8 21. Rd2
Nb5 22. Nxb5 cxb5 23. Na3 a6 24. Be3 Rc8 25. Rdd1 Qd8 26. g5 Kh8 27. d5 fxg5
28. Bh3 Qg8 29. Bb6 Rd6 30. Qe3 g4 31. Bxg4 exd5 32. Bxc8 Qxc8 33. Kh1 dxe4 34.
Rxd6 Bxd6 35. Rg1 Qe6 36. Bd4 Bg6 37. Qg5 Nc6 38. Rd1 e3 39. fxe3 Qh3 40. Qg2
Be4 41. Bxg7+ 0-1

[Event "Accentus Young Masters Invitational Tou"]
[Site "Winterthur SUI"]
[Date "2008.10.07"]
[Round "5.5"]
[White "Rombaldoni, Axel"]
[Black "Prohaszka, Peter"]
[Result "1-0"]
[WhiteElo "2334"]
[BlackElo "2502"]
[PlyCount "175"]
[EventDate "2008.10.03"]
[EventType "team-swiss"]
[EventRounds "9"]
[EventCountry "SUI"]
[EventCategory "4"]
[Source "lmi"]
[SourceDate "2008.10.03"]

1. e4 e6 2. d4 d5 3. Nc3 Nf6 4. Bg5 dxe4 5. Nxe4 Be7 6. Bxf6 gxf6 7. Nf3 f5 8.
Ned2 c5 9. Nb3 cxd4 10. Nbxd4 Nc6 11. Nxc6 bxc6 12. Qxd8+ Bxd8 13. O-O-O Bf6
14. Bc4 Rg8 15. g3 Rg4 16. Nd2 Bb7 17. f4 O-O-O 18. Be2 Rg7 19. Nb3 Kc7 20.
Rxd8 Bxd8 21. Rd1 Be7 22. Na5 f6 23. c3 Bc5 24. b4 Be3+ 25. Kc2 e5 26. fxe5
fxe5 27. Nc4 Bb6 28. Nd6 Re7 29. Nxf5 Rf7 30. g4 h5 31. h3 hxg4 32. hxg4 Bc8
33. Bd3 Rh7 34. Rd2 Rh1 35. a4 a5 36. Rg2 c5 37. bxa5 Bxa5 38. g5 Ra1 39. Kb2
Rxa4 40. g6 Be6 41. Bb1 Rf4 42. g7 Rf3 43. Be4 Rxc3 44. Rg6 Bf7 45. Rc6+ Kb8
46. Rf6 Rb3+ 47. Ka2 Bc4 48. Nd6 Rg3+ 49. Nxc4 Rxg7 50. Nxa5 Rg4 51. Bc2 e4 52.
Re6 Kc7 53. Rxe4 Rxe4 54. Bxe4 c4 55. Kb2 Kd6 56. Nxc4+ Ke6 57. Kc3 Kf6 58. Kd4
Ke6 59. Kc5 Ke7 60. Kd5 Kf6 61. Kd6 Kf7 62. Ke5 Kg7 63. Nd6 Kf8 64. Kf6 Kg8 65.
Nf7 Kf8 66. Bh7 Ke8 67. Ne5 Kd8 68. Be4 Kc7 69. Nc4 Kd7 70. Kf7 Kd8 71. Bc6 Kc7
72. Bb5 Kd8 73. Kf8 Kc8 74. Ke8 Kc7 75. Ke7 Kc8 76. Kd6 Kd8 77. Ba4 Kc8 78. Bc6
Kd8 79. Na5 Kc8 80. Bd7+ Kb8 81. Kc6 Ka7 82. Bc8 Kb8 83. Bb7 Ka7 84. Nc4 Kb8
85. Ba6 Ka7 86. Kb5 Kb8 87. Kb6 Ka8 88. Ne5 1-0

[Event "Accentus Young Masters Invitational Tou"]
[Site "Winterthur SUI"]
[Date "2008.10.08"]
[Round "6.2"]
[White "Verzhansky, Alexander"]
[Black "Rombaldoni, Axel"]
[Result "1/2-1/2"]
[WhiteElo "2346"]
[BlackElo "2334"]
[PlyCount "149"]
[EventDate "2008.10.03"]
[EventType "team-swiss"]
[EventRounds "9"]
[EventCountry "SUI"]
[EventCategory "4"]
[Source "lmi"]
[SourceDate "2008.10.03"]

1. d4 Nf6 2. c4 g6 3. Nc3 Bg7 4. e4 d6 5. f3 O-O 6. Be3 e5 7. Nge2 c6 8. d5
cxd5 9. cxd5 a6 10. Qd2 b5 11. g4 h5 12. g5 Ne8 13. Nc1 f5 14. gxf6 Bxf6 15.
Be2 Bh4+ 16. Kd1 Kh7 17. a3 Nd7 18. Nb3 Bb7 19. Rc1 a5 20. Nxb5 a4 21. Na1 Ba6
22. Na7 Bxe2+ 23. Kxe2 Nc5 24. Nc6 Qb6 25. Qb4 Qa6+ 26. Qc4 Qb7 27. Nc2 Nf6 28.
N2b4 Nfd7 29. Rcf1 Rf6 30. Kd1 Raf8 31. Qe2 Nb6 32. Nxe5 dxe5 33. Bxc5 Rc8 34.
Qb5 Qc7 35. Nc6 Qd7 36. Kc2 Rfxc6 37. dxc6 Qxc6 38. Qxc6 Rxc6 39. b4 axb3+ 40.
Kxb3 Rxc5 41. Rc1 Rb5+ 42. Ka2 Bf2 43. Rc6 Ra5 44. Rb1 Na4 45. Rb8 h4 46. h3
Bd4 47. Kb3 Nc5+ 48. Kc4 Rxa3 49. f4 Ra7 50. Rxc5 Bxc5 51. Kxc5 exf4 52. Rf8 g5
53. e5 Ra6 54. Kd5 Kg7 55. Rf5 Kg6 56. Rf8 Kg7 57. Rf5 Kg6 58. Rf8 Ra5+ 59. Kd4
Ra3 60. e6 Re3 61. Kd5 Rd3+ 62. Kc4 Re3 63. Kd5 Rxh3 64. e7 Re3 65. e8=Q+ Rxe8
66. Rxe8 Kf5 67. Kd4 Kg4 68. Kd3 Kf3 69. Rh8 Kf2 70. Rh5 f3 71. Rxg5 h3 72. Rh5
Kg2 73. Ke3 h2 74. Rg5+ Kf1 75. Rh5 1/2-1/2